00411nam a22001337a 450000500170000000800410001704100120005808200140007010000230008424501050010726000090021230000300022165000260025120231026131732.0231026b |||||||| |||| 00| 0 eng d aEnglish a346.7 MON aDunn, LElEnglish  aMoney Laundering : bThe Impact of the Proceeds of Crime Act 2002 on the Legal Profession /cLE Dunn c2004 bxix, 153 pages ;c30 cm.  aLegal practice bLaw